[Event "EYCC Girls U14 2018"]
[Site "Riga"]
[Date "2018.08.26"]
[Round "6"]
[White "Mironenko, Galina"]
[Black "Kuhar, Larisa"]
[Result "0-1"]
[WhiteElo "1998"]
[BlackElo "1877"]
[Annotator "NA"]
[PlyCount "76"]
[EventDate "2018.08.20"]
[EventType "swiss"]
[EventCountry "LAT"]
[SourceTitle "playchess.com"]
[Source "ChessBase"]
[SourceQuality "1"]
[TimeControl "40/5400+30:1800+30"]

1. d4 {[%emt 0:00:00]} Nf6 {[%emt 0:00:00]} 2. Bf4 {[%emt 0:00:00]} c5 {[%emt 0:00:12]} 3. e3 {[%emt 0:00:00]} e6 {[%emt 0:00:19]} 4. Nf3 {[%emt 0:00:15]} b6 {[%emt 0:00:37]} 5. Nbd2 {[%emt 0:01:02]} Bb7 {[%emt 0:00:39]} 6. Bd3 {[%emt 0:01:26]} cxd4 {[%emt 0:01:59]} 7. exd4 {[%emt 0:00:55]} d6 {[%emt 0:01:46]} 8. O-O {[%emt 0:02:39]} Be7 {[%emt 0:00:36]} 9. Re1 {[%emt 0:02:57]} Nbd7 {[%emt 0:01:44]} 10. c3 {[%emt 0:03:27]} O-O {[%emt 0:00:58]} 11. h3 {[%emt 0:03:51]} Rc8 {[%emt 0:03:13]} 12. Qe2 {[%emt 0:06:05]} Qc7 {[%emt 0:05:25]} 13. Rac1 {[%emt 0:12:18]} Qb8 {[%emt 0:05:19]} 14. c4 {[%emt 0:06:14]} Rfe8 {[%emt 0:03:53]} 15. b4 {[%emt 0:04:11]} Qa8 {[%emt 0:03:29]} 16. Bh2 {[%emt 0:04:46]} Bf8 {[%emt 0:05:05]} 17. Qf1 {[%emt 0:06:25]} g6 {[%emt 0:14:45]} 18. a3 {[%emt 0:03:03]} a6 {[%emt 0:09:00]} 19. Bb1 {[%emt 0:03:57]} Nh5 {[%emt 0:06:38]} 20. Rcd1 {[%emt 0:04:52]} f5 {[%emt 0:03:20]} 21. Ba2 {[%emt 0:04:11]} Ng7 {[%emt 0:02:49]} 22. Qd3 {[%emt 0:02:35]} Nf6 {[%emt 0:01:21]} 23. Re3 {[%emt 0:04:36]} Ne4 {[%emt 0:02:36]} 24. Ne1 {[%emt 0:01:19]} Nh5 {[%emt 0:05:38]} 25. g4 {[%emt 0:04:42]} Nhf6 {[%emt 0:03:00]} 26. Nxe4 {[%emt 0:03:16]} Bxe4 {[%emt 0:01:06]} 27. Qe2 {[%emt 0:00:37]} Bh6 {[%emt 0:02:28]} 28. f4 {[%emt 0:01:21]} g5 {[%emt 0:02:27]} 29. Nd3 {[%emt 0:06:47]} Kh8 {[%emt 0:07:20]} 30. Qb2 {[%emt 0:04:21]} fxg4 {[%emt 0:02:07]} 31. hxg4 {[%emt 0:02:19]} Nxg4 {[%emt 0:00:52]} 32. Rh3 {[%emt 0:00:42]} Bxd3 {[%emt 0:03:11]} 33. Rdxd3 {[%emt 0:00:28]} gxf4 {[%emt 0:00:16]} 34. Qe2 {[%emt 0:00:49]} Rg8 {[%emt 0:00:19]} 35. Kf1 {[%emt 0:00:19]} Qh1+ {[%emt 0:00:49]} 36. Bg1 {[%emt 0:00:07]} Ne3+ {[%emt 0:00:22]} 37. Qxe3 {[%emt 0:01:00]} Qg2+ {[%emt 0:00:12]} 38. Ke1 {[%emt 0:00:15]} fxe3 {[%emt 0:00:06]} 0-1

[Event "EYCC Girls U14 2018"]
[Site "Riga"]
[Date "2018.08.26"]
[Round "6"]
[White "Vorobyova, Ekaterina"]
[Black "Loskutova, Viktoriya"]
[Result "0-1"]
[WhiteElo "1861"]
[BlackElo "2088"]
[Annotator "NA"]
[PlyCount "70"]
[EventDate "2018.08.20"]
[EventType "swiss"]
[EventCountry "LAT"]
[SourceTitle "playchess.com"]
[Source "ChessBase"]
[SourceQuality "1"]
[TimeControl "40/5400+30:1800+30"]

1. d4 d5 2. c4 e6 3. Nc3 Bb4 4. Nf3 Nf6 5. Qa4+ Nc6 6. e3 O-O 7. Bd2 Re8 8. a3 Bf8 9. Be2 Ne7 10. O-O Ng6 11. c5 e5 12. Nxe5 Nxe5 13. dxe5 Rxe5 $15 14. Qd4 Re8 15. b4 c6 16. Qf4 g6 17. Bd3 Bg7 18. Rac1 Ng4 19. Qg3 h5 20. f4 d4 21. exd4 Bxd4+ 22. Kh1 Nf2+ 23. Rxf2 Bxf2 24. Qxf2 Qxd3 25. Rd1 Bg4 26. Re1 Rxe1+ 27. Qxe1 Bf5 28. h3 Rd8 29. Bc1 Qc2 30. Qe3 Kf8 31. Kh2 Rd3 32. Qe5 Qxc3 33. Qb8+ Kg7 34. Qe5+ Qxe5 35. fxe5 Rc3 0-1

[Event "EYCC Girls U14 2018"]
[Site "Riga"]
[Date "2018.08.26"]
[Round "6"]
[White "Lomaia, Diana"]
[Black "Dylag, Emilia"]
[Result "1/2-1/2"]
[WhiteElo "1851"]
[BlackElo "2095"]
[Annotator "NA"]
[PlyCount "116"]
[EventDate "2018.08.20"]
[EventType "swiss"]
[EventCountry "LAT"]
[SourceTitle "playchess.com"]
[Source "ChessBase"]
[SourceQuality "1"]
[TimeControl "40/5400+30:1800+30"]

1. e4 {[%emt 0:00:00]} c5 {[%emt 0:00:00]} 2. Nf3 {[%emt 0:00:00]} d6 {[%emt 0:00:00]} 3. d4 {[%emt 0:00:04]} cxd4 {[%emt 0:00:08]} 4. Nxd4 {[%emt 0:00:08]} Nf6 {[%emt 0:00:06]} 5. Nc3 {[%emt 0:00:06]} a6 {[%emt 0:00:10]} 6. Bg5 {[%emt 0:01:33]} e6 {[%emt 0:00:16]} 7. f4 {[%emt 0:00:45]} h6 {[%emt 0:00:58]} 8. Bxf6 {[%emt 0:02:01]} Qxf6 {[%emt 0:00:20]} 9. Qd2 {[%emt 0:00:59]} Nc6 {[%emt 0:00:31]} 10. Nxc6 {[%emt 0:02:17]} bxc6 {[%emt 0:00:10]} 11. O-O-O {[%emt 0:00:40]} Qd8 {[%emt 0:03:45]} 12. g4 {[%emt 0:05:24]} Be7 {[%emt 0:02:48]} 13. Qf2 {[%emt 0:12:58]} Qa5 {[%emt 0:04:48]} 14. Rd3 {[%emt 0:08:51]} Rb8 {[%emt 0:04:18]} 15. Bg2 {[%emt 0:08:12]} d5 {[%emt 0:08:40]} 16. exd5 {[%emt 0:03:59]} cxd5 {[%emt 0:03:07]} 17. h4 {[%emt 0:15:15]} Bf6 {[%emt 0:18:15]} 18. a3 {[%emt 0:01:52]} Be7 {[%emt 0:18:32]} 19. Nd1 {[%emt 0:04:58]} h5 {[%emt 0:07:10]} 20. gxh5 {[%emt 0:03:43]} Bf6 {[%emt 0:06:51]} 21. f5 {[%emt 0:04:16]} Rxh5 {[%emt 0:03:09]} 22. fxe6 {[%emt 0:00:42]} Bxe6 {[%emt 0:00:21]} 23. Bf3 {[%emt 0:07:34]} Rh6 {[%emt 0:02:01]} 24. Qg3 {[%emt 0:04:20]} Rc8 {[%emt 0:01:16]} 25. Rh2 {[%emt 0:09:43]} Qa4 {[%emt 0:05:56]} 26. Bxd5 {[%emt 0:01:43]} Bxh4 {[%emt 0:03:58]} 27. Qg2 {[%emt 0:00:50]} Bg5+ {[%emt 0:04:59]} 28. Kb1 {[%emt 0:00:22]} Qf4 {[%emt 0:00:54]} 29. Rxh6 {[%emt 0:00:34]} gxh6 {[%emt 0:00:25]} 30. Bxe6 {[%emt 0:00:36]} fxe6 {[%emt 0:00:06]} 31. Ne3 {[%emt 0:00:27]} Qe5 {[%emt 0:00:42]} 32. Qf3 {[%emt 0:00:25]} a5 {[%emt 0:00:43]} 33. Qh5+ {[%emt 0:00:37]} Ke7 {[%emt 0:00:17]} 34. Qf3 {[%emt 0:00:28]} Bf6 {[%emt 0:00:34]} 35. Rb3 {[%emt 0:00:23]} Bg5 {[%emt 0:00:42]} 36. Rd3 {[%emt 0:00:39]} Rc7 {[%emt 0:00:31]} 37. Rb3 {[%emt 0:00:33]} Rd7 {[%emt 0:00:30]} 38. Ka2 {[%emt 0:00:31]} a4 {[%emt 0:00:22]} 39. Rc3 {[%emt 0:00:19]} Bxe3 {[%emt 0:00:34]} 40. Rxe3 {[%emt 0:00:00]} Qd5+ {[%emt 0:00:00]} 41. Qxd5 {[%emt 0:02:15]} Rxd5 {[%emt 0:00:37]} 42. Re4 {[%emt 0:00:20]} Ra5 {[%emt 0:00:36]} 43. b3 {[%emt 0:03:35]} h5 {[%emt 0:05:36]} 44. bxa4 {[%emt 0:06:08]} Kf6 {[%emt 0:01:50]} 45. Kb3 {[%emt 0:01:15]} Kf5 {[%emt 0:00:59]} 46. Rh4 {[%emt 0:01:09]} Kg5 {[%emt 0:01:01]} 47. Re4 {[%emt 0:00:18]} Kf5 {[%emt 0:15:39]} 48. Rh4 {[%emt 0:06:05]} Kg5 {[%emt 0:00:26]} 49. Re4 {[%emt 0:03:10]} Kf5 {[%emt 0:04:33]} 50. Rc4 {[%emt 0:07:14]} e5 {[%emt 0:01:45]} 51. Kb4 {[%emt 0:00:08]} Rd5 {[%emt 0:00:50]} 52. a5 {[%emt 0:00:24]} e4 {[%emt 0:00:52]} 53. Rc8 {[%emt 0:02:44]} e3 {[%emt 0:00:38]} 54. Re8 {[%emt 0:01:24]} Rd4+ {[%emt 0:01:47]} 55. Kc3 {[%emt 0:00:04]} Ra4 {[%emt 0:00:50]} 56. Kd3 {[%emt 0:00:37]} Rxa3+ {[%emt 0:00:15]} 57. Ke2 {[%emt 0:00:06]} Rxa5 {[%emt 0:00:49]} 58. Kxe3 {[%emt 0:00:38]} Re5+ {[%emt 0:00:31] Ke4+} 1/2-1/2

[Event "EYCC Girls U14 2018"]
[Site "Riga"]
[Date "2018.08.26"]
[Round "6"]
[White "Mihailova, Alina"]
[Black "Kirchei, Viktoriia"]
[Result "1-0"]
[WhiteElo "1829"]
[BlackElo "1987"]
[Annotator "NA"]
[PlyCount "147"]
[EventDate "2018.08.20"]
[EventType "swiss"]
[EventCountry "LAT"]
[SourceTitle "playchess.com"]
[Source "ChessBase"]
[SourceQuality "1"]
[TimeControl "40/5400+30:1800+30"]

1. d4 {[%emt 0:00:00]} Nf6 {[%emt 0:00:00]} 2. c4 {[%emt 0:00:00]} e6 {[%emt 0:00:00]} 3. g3 {[%emt 0:00:00]} d5 {[%emt 0:05:59]} 4. Nf3 {[%emt 0:00:00]} Nbd7 {[%emt 0:02:42]} 5. Bg2 {[%emt 0:04:25]} c6 {[%emt 0:02:04]} 6. O-O {[%emt 0:01:27]} Bd6 {[%emt 0:03:23]} 7. Qc2 {[%emt 0:01:41]} O-O {[%emt 0:02:56]} 8. Rd1 {[%emt 0:01:08]} Ne4 {[%emt 0:03:03]} 9. Nc3 {[%emt 0:15:34]} f5 {[%emt 0:02:05]} 10. b3 {[%emt 0:01:29]} Ndf6 {[%emt 0:01:00]} 11. Ne5 {[%emt 0:07:15]} Qa5 {[%emt 0:03:54]} 12. Bd2 {[%emt 0:04:36]} Nxd2 {[%emt 0:00:52]} 13. Qxd2 {[%emt 0:02:25]} Qc7 {[%emt 0:18:47]} 14. f4 {[%emt 0:06:41]} Qe7 {[%emt 0:05:53]} 15. e3 {[%emt 0:09:32]} Nd7 {[%emt 0:08:47]} 16. Ne2 {[%emt 0:11:50]} Rf6 {[%emt 0:01:34]} 17. Nd3 {[%emt 0:11:09]} Rh6 {[%emt 0:01:07]} 18. c5 {[%emt 0:01:16]} Bc7 {[%emt 0:00:15]} 19. b4 {[%emt 0:00:13]} Nf6 {[%emt 0:03:45]} 20. Nf2 {[%emt 0:01:51]} Bd7 {[%emt 0:01:49]} 21. Nc3 {[%emt 0:00:52]} Qe8 {[%emt 0:04:20]} 22. Bf3 {[%emt 0:02:27]} Rg6 {[%emt 0:01:59]} 23. Qe2 {[%emt 0:03:01]} h5 {[%emt 0:00:45]} 24. Kg2 {[%emt 0:04:56]} Rh6 {[%emt 0:05:37]} 25. Nh3 {[%emt 0:02:47]} Ne4 {[%emt 0:02:59]} 26. Qc2 {[%emt 0:04:38]} h4 {[%emt 0:01:21]} 27. Nxe4 {[%emt 0:01:30]} fxe4 {[%emt 0:01:13]} 28. Bg4 {[%emt 0:00:09]} Qg6 {[%emt 0:04:14]} 29. Nf2 {[%emt 0:00:29]} Rf8 {[%emt 0:05:36]} 30. Qe2 {[%emt 0:00:33]} Qh7 {[%emt 0:02:01]} 31. Rh1 {[%emt 0:00:20]} Bd8 {[%emt 0:01:09]} 32. Rag1 {[%emt 0:00:53]} a5 {[%emt 0:01:59]} 33. a3 {[%emt 0:00:11]} axb4 {[%emt 0:00:25]} 34. axb4 {[%emt 0:00:01]} Bc7 {[%emt 0:01:25]} 35. Nh3 {[%emt 0:01:01]} Qg6 {[%emt 0:00:34]} 36. Nf2 {[%emt 0:00:22]} Qf7 {[%emt 0:00:44]} 37. Ra1 {[%emt 0:00:57]} Bb8 {[%emt 0:01:14]} 38. Rab1 {[%emt 0:00:35]} Qe7 {[%emt 0:00:14]} 39. Nh3 {[%emt 0:00:35]} Rg6 {[%emt 0:00:30]} 40. Bh5 {[%emt 0:00:00]} Rh6 {[%emt 0:00:00]} 41. Bg4 {[%emt 0:03:40]} Bc8 {[%emt 0:06:44]} 42. Ra1 {[%emt 0:11:22]} Bc7 {[%emt 0:00:37]} 43. Rhf1 {[%emt 0:00:54]} g6 {[%emt 0:07:07]} 44. Ra8 {[%emt 0:03:53]} Kg7 {[%emt 0:01:14]} 45. Ng5 {[%emt 0:01:25]} Bd7 {[%emt 0:03:52]} 46. Rxf8 {[%emt 0:02:56]} Kxf8 {[%emt 0:00:05]} 47. Qa2 {[%emt 0:01:53]} Kg7 {[%emt 0:08:57]} 48. Qa8 {[%emt 0:03:26]} b5 {[%emt 0:02:14]} 49. cxb6 {[%emt 0:01:35]} Bxb6 {[%emt 0:00:59]} 50. Qb7 {[%emt 0:00:16]} Bd8 {[%emt 0:00:20]} 51. Bxe6 {[%emt 0:01:31]} Be8 {[%emt 0:00:09]} 52. Bc8 {[%emt 0:02:32]} Qxb7 {[%emt 0:01:43]} 53. Bxb7 {[%emt 0:00:02]} Bxg5 {[%emt 0:00:29]} 54. fxg5 {[%emt 0:00:01]} h3+ {[%emt 0:00:05]} 55. Kg1 {[%emt 0:00:29]} Rh5 {[%emt 0:00:29]} 56. Rc1 {[%emt 0:00:05]} Rxg5 {[%emt 0:00:58]} 57. Bxc6 {[%emt 0:00:02]} Bxc6 {[%emt 0:01:02]} 58. Rxc6 {[%emt 0:00:02]} Rf5 {[%emt 0:00:08]} 59. b5 {[%emt 0:00:55]} Rf8 {[%emt 0:00:23]} 60. Rc5 {[%emt 0:02:50]} Ra8 {[%emt 0:00:35]} 61. g4 {[%emt 0:00:47]} Ra2 {[%emt 0:00:19]} 62. b6 {[%emt 0:00:50]} Rb2 {[%emt 0:00:41]} 63. Rxd5 {[%emt 0:00:29]} Rg2+ {[%emt 0:00:24]} 64. Kf1 {[%emt 0:00:14]} Rxh2 {[%emt 0:00:05]} 65. Rb5 {[%emt 0:00:08]} Rc2 {[%emt 0:01:32]} 66. Kg1 {[%emt 0:00:29]} Rc8 {[%emt 0:00:54]} 67. b7 {[%emt 0:00:05]} Rb8 {[%emt 0:00:11]} 68. Kh2 {[%emt 0:00:04]} Kf6 {[%emt 0:00:19]} 69. g5+ {[%emt 0:00:22]} Ke6 {[%emt 0:00:10]} 70. Kxh3 {[%emt 0:00:07]} Kd6 {[%emt 0:00:04]} 71. Kg4 {[%emt 0:00:43]} Kc6 {[%emt 0:00:05]} 72. Rb4 {[%emt 0:00:05]} Rxb7 {[%emt 0:00:26]} 73. Rxb7 {[%emt 0:00:03]} Kxb7 {[%emt 0:00:04]} 74. Kf4 {[%emt 0:00:04]} 1-0

[Event "EYCC Girls U14 2018"]
[Site "Riga"]
[Date "2018.08.26"]
[Round "6"]
[White "Hakobyan, Astghik"]
[Black "Levitan, Ronit"]
[Result "1/2-1/2"]
[WhiteElo "1820"]
[BlackElo "1933"]
[Annotator "NA"]
[PlyCount "128"]
[EventDate "2018.08.20"]
[EventType "swiss"]
[EventCountry "LAT"]
[SourceTitle "playchess.com"]
[Source "ChessBase"]
[SourceQuality "1"]
[TimeControl "40/5400+30:1800+30"]

1. e4 {[%emt 0:00:00]} e5 {[%emt 0:00:00]} 2. Nf3 {[%emt 0:00:00]} Nc6 {[%emt 0:00:00]} 3. d4 {[%emt 0:00:00]} exd4 {[%emt 0:00:00]} 4. Nxd4 {[%emt 0:00:00]} Nf6 {[%emt 0:00:00]} 5. Nc3 {[%emt 0:00:00]} Bb4 {[%emt 0:00:18]} 6. Nxc6 {[%emt 0:00:09]} bxc6 {[%emt 0:00:07]} 7. Bd3 {[%emt 0:00:03]} O-O {[%emt 0:00:18]} 8. O-O {[%emt 0:00:09]} d5 {[%emt 0:00:34]} 9. exd5 {[%emt 0:00:14]} cxd5 {[%emt 0:00:20]} 10. h3 {[%emt 0:00:11]} c6 {[%emt 0:01:20]} 11. Qf3 {[%emt 0:00:06]} Be6 {[%emt 0:02:05]} 12. Bf4 {[%emt 0:00:40]} Bd6 {[%emt 0:03:13]} 13. Ne2 {[%emt 0:00:08]} c5 {[%emt 0:01:12]} 14. Rad1 {[%emt 0:05:20]} Bxf4 {[%emt 0:15:47]} 15. Nxf4 {[%emt 0:00:28]} Qb6 {[%emt 0:01:39]} 16. b3 {[%emt 0:01:33]} c4 {[%emt 0:02:50]} 17. bxc4 {[%emt 0:18:15]} dxc4 {[%emt 0:00:13]} 18. Nxe6 {[%emt 0:00:59]} Qxe6 {[%emt 0:00:27]} 19. Rfe1 {[%emt 0:00:52]} Qa6 {[%emt 0:01:20]} 20. Bf1 {[%emt 0:00:41]} Rac8 {[%emt 0:03:47]} 21. Qc3 {[%emt 0:07:06]} Qb5 {[%emt 0:04:15]} 22. Re5 {[%emt 0:01:42]} Qb6 {[%emt 0:25:12]} 23. Rd4 {[%emt 0:04:50]} Rcd8 {[%emt 0:23:28]} 24. Rxc4 {[%emt 0:05:21]} h6 {[%emt 0:04:07]} 25. Rc6 {[%emt 0:04:05]} Qb1 {[%emt 0:01:50]} 26. Re1 {[%emt 0:05:06]} Qxa2 {[%emt 0:00:19]} 27. Bc4 {[%emt 0:10:08]} Qa4 {[%emt 0:00:18]} 28. Rxf6 gxf6 {[%emt 0:04:34]} 29. Re4 {[%emt 0:00:44]} Rd1+ {[%emt 0:00:48]} 30. Kh2 {[%emt 0:00:17]} Qa1 {[%emt 0:00:33]} 31. Rg4+ {[%emt 0:00:41]} Kh8 {[%emt 0:00:30]} 32. Qf3 {[%emt 0:01:33]} Rh1+ {[%emt 0:00:34]} 33. Kg3 {[%emt 0:00:07]} Qe5+ {[%emt 0:00:05]} 34. Qf4 {[%emt 0:01:01]} Qxf4+ {[%emt 0:00:53]} 35. Kxf4 {[%emt 0:00:21]} Rd1 {[%emt 0:00:41]} 36. Kf5 {[%emt 0:02:26]} Rd6 {[%emt 0:00:31]} 37. Re4 {[%emt 0:01:06]} a5 {[%emt 0:02:03]} 38. Re7 {[%emt 0:01:26]} Kg7 {[%emt 0:00:05]} 39. Ra7 {[%emt 0:01:18]} Rd2 {[%emt 0:00:08]} 40. f4 {[%emt 0:00:00]} Rxc2 {[%emt 0:00:00]} 41. Bd5 {[%emt 0:03:23]} Rd2 {[%emt 0:06:48]} 42. Rxa5 {[%emt 0:01:01]} Rd8 {[%emt 0:00:38]} 43. Bf3 {[%emt 0:00:29]} R8d4 {[%emt 0:01:57]} 44. Kg4 {[%emt 0:05:09]} Kg6 {[%emt 0:01:56]} 45. h4 {[%emt 0:02:12]} Rb2 {[%emt 0:01:48]} 46. h5+ {[%emt 0:00:51]} Kg7 {[%emt 0:00:07]} 47. Kg3 {[%emt 0:05:01]} Rbb4 {[%emt 0:00:37]} 48. Rf5 {[%emt 0:01:58]} Ra4 {[%emt 0:00:50]} 49. Kg4 {[%emt 0:01:08]} Ra3 {[%emt 0:01:02]} 50. Rb5 {[%emt 0:00:38]} Rda4 {[%emt 0:01:04]} 51. Rb7 {[%emt 0:03:14]} Ra5 {[%emt 0:01:30]} 52. Be4 {[%emt 0:00:25]} Ra2 {[%emt 0:00:58]} 53. g3 {[%emt 0:02:12]} Re2 {[%emt 0:01:01]} 54. Bg6 {[%emt 0:01:39]} f5+ {[%emt 0:12:21]} 55. Kf3 {[%emt 0:03:30]} Rc2 {[%emt 0:00:50]} 56. Rxf7+ {[%emt 0:00:13]} Kg8 {[%emt 0:00:11]} 57. Rxf5 {[%emt 0:00:44]} Rc3+ {[%emt 0:00:09]} 58. Kg4 {[%emt 0:00:31]} Raa3 {[%emt 0:00:16]} 59. Re5 {[%emt 0:01:26]} Rxg3+ {[%emt 0:01:12]} 60. Kf5 {[%emt 0:00:23]} Ra4 {[%emt 0:02:33]} 61. Re8+ {[%emt 0:01:09]} Kg7 {[%emt 0:00:13]} 62. Re7+ {[%emt 0:00:39]} Kg8 {[%emt 0:00:45]} 63. Re8+ {[%emt 0:03:06]} Kg7 {[%emt 0:00:06]} 64. Re7+ {[%emt 0:00:15]} Kg8 {[%emt 0:00:06] Ke4} 1/2-1/2

[Event "EYCC Girls U14 2018"]
[Site "Riga"]
[Date "2018.08.27"]
[Round "7"]
[White "Garifullina, Leya"]
[Black "Juhasz, Judit"]
[Result "1-0"]
[WhiteElo "2106"]
[BlackElo "1897"]
[Annotator "NA"]
[PlyCount "91"]
[EventDate "2018.08.20"]
[EventType "swiss"]
[EventCountry "LAT"]
[SourceTitle "playchess.com"]
[Source "ChessBase"]
[SourceQuality "1"]
[TimeControl "40/5400+30:1800+30"]

1. e4 {[%emt 0:00:00] Schulz,André} c5 {[%emt 0:00:00]} 2. Nf3 {[%emt 0:00:03]} Nc6 {[%emt 0:00:00]} 3. Bb5 {[%emt 0:01:04]} g6 {[%emt 0:00:00]} 4. Bxc6 {[%emt 0:00:51]} bxc6 {[%emt 0:00:00]} 5. O-O {[%emt 0:00:44]} Bg7 {[%emt 0:00:13]} 6. Re1 {[%emt 0:00:40]} Nf6 {[%emt 0:06:28]} 7. e5 {[%emt 0:01:25]} Nd5 {[%emt 0:00:09]} 8. c4 {[%emt 0:01:03]} Nc7 {[%emt 0:00:10]} 9. d4 {[%emt 0:00:33]} cxd4 {[%emt 0:00:21]} 10. Qxd4 {[%emt 0:01:12]} O-O {[%emt 0:02:07]} 11. Qh4 {[%emt 0:01:59]} Ne6 {[%emt 0:05:22]} 12. Nc3 {[%emt 0:03:36]} f6 {[%emt 0:02:27]} 13. Ne4 {[%emt 0:12:18] [#] B31: Sicilian: 2...Nc6 3 Bb5 g6} Qc7 $146 {[%emt 0:23:46]} ({Predecessor:} 13... fxe5 14. Nfg5 Nxg5 15. Bxg5 Qb6 16. c5 Qxb2 17. Rad1 d5 18. cxd6 exd6 19. Rxd6 Bf5 20. Nf6+ Bxf6 21. Bxf6 Rab8 22. Qc4+ Rf7 23. Red1 Qb1 24. h3 {1-0 (24) Van Wely,L (2667)-Hou,Y (2673) Wijk aan Zee 2015 CBM 165 [Schulz,André]}) 14. exf6 {[%emt 0:13:47]} exf6 {[%emt 0:03:21]} 15. Bd2 {[%emt 0:03:40]} Rb8 {[%emt 0:07:12]} 16. Bc3 {[%emt 0:04:29]} Qf4 {[%emt 0:08:49]} 17. Qxf4 {[%emt 0:03:54]} Nxf4 {[%emt 0:00:05]} 18. Nd6 {[%emt 0:01:37]} Ne6 {[%emt 0:08:53]} 19. Rad1 {[%emt 0:06:04]} Bb7 {[%emt 0:02:28]} 20. Nd4 {[%emt 0:04:07]} Nf4 {[%emt 0:04:26]} 21. Re4 {[%emt 0:14:28]} Bh6 {[%emt 0:01:21]} 22. Nxb7 {[%emt 0:05:44]} Rxb7 {[%emt 0:00:22]} 23. Bd2 {[%emt 0:01:06]} c5 {[%emt 0:04:30]} 24. Nb3 {[%emt 0:02:35]} g5 {[%emt 0:00:10]} 25. Bxf4 {[%emt 0:01:56]} gxf4 {[%emt 0:00:02]} 26. g3 {[%emt 0:05:14]} fxg3 {[%emt 0:03:09]} 27. hxg3 {[%emt 0:00:08]} Rf7 {[%emt 0:06:39]} 28. Re8+ {[%emt 0:02:36]} Kg7 {[%emt 0:00:14]} 29. Re2 {[%emt 0:00:51]} Rb4 {[%emt 0:01:21]} 30. Rc2 {[%emt 0:01:05]} f5 {[%emt 0:02:01]} 31. Nxc5 {[%emt 0:00:15]} f4 {[%emt 0:02:12]} 32. g4 {[%emt 0:02:01]} f3 {[%emt 0:00:16]} 33. Rxd7 {[%emt 0:00:24]} Rxd7 {[%emt 0:00:22]} 34. Nxd7 {[%emt 0:00:03]} Bf4 {[%emt 0:00:41]} 35. Nc5 {[%emt 0:00:48]} Rb6 {[%emt 0:02:50]} 36. Nd3 {[%emt 0:00:43]} Bc7 {[%emt 0:00:18]} 37. Ne1 {[%emt 0:01:58]} Rf6 {[%emt 0:00:14]} 38. Kf1 {[%emt 0:01:55]} Kg6 {[%emt 0:04:29]} 39. Rc3 {[%emt 0:01:11]} Kg5 {[%emt 0:01:25]} 40. Rxf3 {[%emt 0:00:00]} Rxf3 {[%emt 0:00:00]} 41. Nxf3+ {[%emt 0:01:20]} Kxg4 {[%emt 0:00:13]} 42. Kg2 {[%emt 0:00:20]} a5 {[%emt 0:00:26]} 43. c5 {[%emt 0:01:45]} Kf4 {[%emt 0:00:14]} (43... Kf5 $142 44. Nd4+ Kf6) 44. Nd4 $18 {[%emt 0:00:36]} Ke5 {[%emt 0:01:31]} 45. Nb5 {[%emt 0:00:07]} Bd8 {[%emt 0:00:19]} 46. c6 {[%emt 0:00:08]} 1-0

[Event "EYCC Girls U14 2018"]
[Site "Riga"]
[Date "2018.08.27"]
[Round "7"]
[White "Dylag, Emilia"]
[Black "Yakimova, Mariya"]
[Result "1/2-1/2"]
[WhiteElo "2095"]
[BlackElo "1875"]
[Annotator "NA"]
[PlyCount "89"]
[EventDate "2018.08.20"]
[EventType "swiss"]
[EventCountry "LAT"]
[SourceTitle "playchess.com"]
[Source "ChessBase"]
[SourceQuality "1"]
[TimeControl "40/5400+30:1800+30"]

1. e4 {[%emt 0:00:00]} c5 {[%emt 0:00:00]} 2. Ne2 {[%emt 0:00:00]} Nc6 {[%emt 0:00:00]} 3. g3 {[%emt 0:00:30]} g6 {[%emt 0:00:03]} 4. Bg2 {[%emt 0:00:35]} Bg7 {[%emt 0:00:06]} 5. c3 {[%emt 0:00:27]} e5 {[%emt 0:01:00]} 6. O-O {[%emt 0:03:02]} Nge7 {[%emt 0:00:06]} 7. d3 {[%emt 0:03:07] B20: Sicilian: Unusual White 2nd moves} d5 {[%emt 0:04:29]} 8. exd5 {[%emt 0:05:58]} (8. a4 O-O 9. Na3 Be6 10. Qc2 Qd7 11. Rd1 Bh3 12. Be3 Bxg2 13. Kxg2 b6 14. d4 cxd4 15. cxd4 dxe4 16. dxe5 {0-1 (71) Caruana,F (2816)-So,W (2778) Leuven 2018}) 8... Nxd5 {[%emt 0:00:15]} 9. Nd2 {[%emt 0:07:09]} O-O {[%emt 0:01:08]} 10. Ne4 {[%emt 0:03:42]} b6 {[%emt 0:03:16]} 11. Qc2 $146 {[%emt 0:09:07]} ({Predecessor:} 11. f4 Bg4 12. h3 Bxe2 13. Qxe2 exf4 14. gxf4 Nce7 {½-½ (39) Kholmov,R (2450)-Shmuter,L (2460) Volgograd 1994}) 11... Be6 {[%emt 0:04:27]} 12. h3 {[%emt 0:05:16]} h6 {[%emt 0:02:26]} 13. f4 {[%emt 0:04:37]} Rc8 {[%emt 0:11:37]} 14. Nf2 {[%emt 0:13:12]} Re8 {[%emt 0:10:35]} 15. Bd2 {[%emt 0:05:57]} Qd7 {[%emt 0:13:04]} 16. Rae1 {[%emt 0:05:54]} h5 {[%emt 0:01:47]} 17. a3 {[%emt 0:06:58]} h4 {[%emt 0:09:10]} 18. g4 {[%emt 0:02:26]} exf4 {[%emt 0:05:57]} 19. Nxf4 {[%emt 0:01:15]} Nxf4 {[%emt 0:00:22]} 20. Bxf4 {[%emt 0:00:17]} Bd5 {[%emt 0:01:18]} 21. Bxd5 {[%emt 0:02:01]} Qxd5 {[%emt 0:00:07]} 22. Ne4 {[%emt 0:01:09]} Ne5 {[%emt 0:01:46]} 23. Bxe5 {[%emt 0:01:58]} Rxe5 {[%emt 0:04:44]} 24. Qf2 {[%emt 0:01:36]} Rf8 {[%emt 0:06:29]} 25. Qxh4 {[%emt 0:08:31]} Qxd3 {[%emt 0:03:51]} 26. Ng5 {[%emt 0:06:51]} Rxg5 {[%emt 0:00:15]} 27. Qxg5 {[%emt 0:00:02]} Qg3+ {[%emt 0:00:13]} 28. Kh1 {[%emt 0:00:03]} Qxh3+ {[%emt 0:00:13]} 29. Kg1 {[%emt 0:00:04]} Qg3+ {[%emt 0:05:21]} 30. Kh1 {[%emt 0:00:05]} Qh3+ {[%emt 0:00:06]} 31. Kg1 {[%emt 0:00:05]} Bh6 {[%emt 0:00:12]} 32. Qe5 {[%emt 0:01:50]} Qxg4+ {[%emt 0:00:53]} 33. Kh2 {[%emt 0:00:52]} Rd8 {[%emt 0:06:34]} 34. Re2 {[%emt 0:00:53]} Bg7 {[%emt 0:01:58]} 35. Qe4 {[%emt 0:00:37]} Qh5+ {[%emt 0:00:31]} 36. Kg3 {[%emt 0:00:40]} Rd5 {[%emt 0:01:14]} 37. Rh1 $19 {[%emt 0:00:51]} (37. Qe8+ $11 Kh7 38. Rxf7 Qg5+ 39. Kf2 Rf5+ 40. Rxf5 Qxf5+ 41. Kg1) 37... Qg5+ {[%emt 0:01:20]} 38. Kh3 {[%emt 0:00:24]} c4 {[%emt 0:01:07]} 39. Re3 {[%emt 0:00:56]} Bh6 {[%emt 0:00:51]} 40. Rf3 {[%emt 0:00:00]} Re5 {[%emt 0:00:00]} 41. Qxc4 {[%emt 0:10:23]} Qh5+ {[%emt 0:22:22]} 42. Kg2 {[%emt 0:01:00]} Qg5+ {[%emt 0:00:17]} 43. Kh3 {[%emt 0:01:13]} Qh5+ {[%emt 0:04:38]} 44. Kg2 {[%emt 0:00:07]} Qg5+ {[%emt 0:00:52]} 45. Kh3 {[%emt 0:01:21]} 1/2-1/2